ბათუმის შოთა რუსთაველის სახელმწიფო უნივერსიტეტის ბიბლიოთეკა

Free Agent Nation (ბიბ.ჩანაწერი № 51441)

000 -LEADER
fixed length control field 00735nam a2200241Ia 4500
001 - CONTROL NUMBER
control field 18427
003 - CONTROL NUMBER IDENTIFIER
control field GE_BSU
008 - FIXED-LENGTH DATA ELEMENTS--GENERAL INFORMATION
fixed length control field 181216s||||||||xx |||||||||||||| ||und||
020 ## - INTERNATIONAL STANDARD BOOK NUMBER
International Standard Book Number 9780446678797
040 ## - CATALOGING SOURCE
Transcribing agency GE_BSU
080 ## - UNIVERSAL DECIMAL CLASSIFICATION NUMBER
Universal Decimal Classification number 331(73)
100 ## - MAIN ENTRY--PERSONAL NAME
Personal name Pink,Daniel H.
245 ## - TITLE STATEMENT
Title Free Agent Nation
245 #4 - TITLE STATEMENT
Remainder of title The Future of Working for Yo urself
260 ## - PUBLICATION, DISTRIBUTION, ETC.
Place of publication, distribution, etc. New York
260 ## - PUBLICATION, DISTRIBUTION, ETC.
Name of publisher, distributor, etc. Bisiness Plus
260 ## - PUBLICATION, DISTRIBUTION, ETC.
Date of publication, distribution, etc. 2002
300 ## - PHYSICAL DESCRIPTION
Extent 386p. 23cm.
653 ## - INDEX TERM--UNCONTROLLED
Uncontrolled term Free Agent Nation : The Future of Working for Yourself
653 ## - INDEX TERM--UNCONTROLLED
Uncontrolled term შრომა. დასაქმება. სამუშაო.
653 ## - INDEX TERM--UNCONTROLLED
Uncontrolled term შრომის ეკონომიკა. შრომის ორგანიზაცია
942 ## - ADDED ENTRY ELEMENTS (KOHA)
Koha item type წიგნი
ეგზემპლარები
Withdrawn status Lost status Damaged status Not for loan Date acquired Barcode Date last seen Price effective from Koha item type
        2018-12-17 47261 2018-12-17 2018-12-17 წიგნი
        2018-12-17 47262 2018-12-17 2018-12-17 წიგნი
        2018-12-17 47263 2018-12-17 2018-12-17 წიგნი